|
|
|
|
| LEADER |
00000nam a22000007a 4500 |
| 005 |
20130709170754.0 |
| 007 |
cr|||| |||| |
| 008 |
130709s1998 ar |||||s|||| 00||0 spa d |
| 020 |
|
|
|a 987-9233-14-X
|
| 035 |
|
|
|a 11375
|
| 040 |
|
|
|a vLex
|
| 090 |
|
|
|c 4397
|d 4397
|
| 100 |
1 |
|
|a Belmaą Jur̀ez, Jorge
|
| 245 |
1 |
0 |
|a Derechos reales
|h [Recurso electrn̤ico] :
|b Manual de la posesin̤ /
|c Jorge Belmaą Jur̀ez
|
| 256 |
|
|
|a Servicio en ln̕ea
|
| 260 |
|
|
|a Ciudad de Cr̤doba :
|b Alveroni Ediciones,
|c 1998
|
| 300 |
|
|
|a 1 recurso electrn̤ico
|
| 506 |
1 |
|
|a Contenido solo disponible en los productos indicados
|d vLex Global
|d vLex Global (Academic Edition, excluding Law Schools)
|d vLex Global (U.S. Academic Edition, Law Schools)
|d vLex Global (U.S. Academic Edition, excluding Law Schools)
|d vLex Global (Academic Edition, Law Schools)
|
| 650 |
0 |
4 |
|a Derechos reales
|z Argentina
|
| 740 |
0 |
|
|a vLex Libros (Servicio en ln̕ea)
|
| 856 |
4 |
0 |
|u http://vlex.com/source/derechos-reales-manual-de-la-posesion-11375
|z Acceso restringido
|
| 942 |
|
|
|c BOOK
|
| 999 |
0 |
|
|a Civil law
|